पत्रकारिता और उसके विभिन्न स्वरूप (Record no. 61724)

MARC details
000 -LEADER
fixed length control field 01311 a2200229 4500
005 - DATE AND TIME OF LATEST TRANSACTION
control field 2008091704584.0
008 - FIXED-LENGTH DATA ELEMENTS--GENERAL INFORMATION
fixed length control field 080917t xxu||||| |||| 00| 0 hin d
010 ## - LCCN (DPL NO)
LC control number
020 ## - INTERNATIONAL STANDARD BOOK NUMBER
International Standard Book Number
Terms of availability 500.00
035 ## - SYSTEM CONTROL NUMBER
System control number B-258201
037 ## - SOURCE OF ACQUISITION
Source of stock number/acquisition D.B.Act / Pub
082 ## - DEWEY DECIMAL CLASSIFICATION NUMBER
Classification number 070.43
100 ## - MAIN ENTRY--PERSONAL NAME
Personal name शर्मा.ओ.पी
9 (RLIN) 40459
245 ## - TITLE STATEMENT
Title पत्रकारिता और उसके विभिन्न स्वरूप
Statement of responsibility, etc ओ.पी.शर्मा
246 ## - VARYING FORM OF TITLE
Title proper/short title Patrakarita aur uske vibhinn swaroop
Remainder of title by O.P.Sharma
260 ## - PUBLICATION, DISTRIBUTION, ETC. (IMPRINT)
Place of publication, distribution, etc नई दिल्ली
Name of publisher, distributor, etc महावीर एंड संस
Date of publication, distribution, etc 2008
270 ## - ADDRESS
Address 3072/28,प्रथम तल,गोला मार्किट(नजदीक गोलचा सिनेमा),दरियागंज
City नई दिल्ली
Postal code 110002
300 ## - PHYSICAL DESCRIPTION
Extent 183पृ
Dimensions 22सेमी(सजिल्द)
942 ## - ADDED ENTRY ELEMENTS (KOHA)
Institution code [OBSOLETE] dpl
Item type Hindi Books
Call number prefix 070.43 / शर्माओ
Source of classification or shelving scheme Dewey Decimal Classification
Classification part 070.43
Call number suffix शर्माओ
Holdings
Withdrawn status Lost status Source of classification or shelving scheme Damaged status Not for loan Collection code Home library Current library Date acquired Cost, normal purchase price Total Checkouts Full call number Barcode Date last seen Cost, replacement price Koha item type
    Dewey Decimal Classification     Non-fiction Sarojini Nagar Sarojini Nagar 31/01/2012 500.00   070.43 शर्माओ B-258201 31/01/2012 500.00 Hindi Books

© Delhi Public Library
Hit Counter
free hit counter